[Event "Petrolina Cordioli Memorial op"]
[Site "Petrolina"]
[Date "2008.10.12"]
[Round "6.10"]
[White "Amorim Pires, Anderson Bruno"]
[Black "Lucena, Jose Silvio"]
[Result "1/2-1/2"]
[WhiteElo "1958"]
[BlackElo "2160"]
[PlyCount "95"]
[EventDate "2008.10.09"]
[EventType "swiss"]
[EventRounds "7"]
[EventCountry "BRA"]
[SourceTitle "EXT 2022"]
[Source "ChessBase"]
[SourceDate "2021.10.06"]
[SourceVersion "1"]
[SourceVersionDate "2021.10.06"]
[SourceQuality "1"]

1. e4 c6 2. Nf3 d5 3. exd5 cxd5 4. d4 Nc6 5. c3 Bg4 6. h3 Bh5 7. Be2 Nf6 8. Bf4 e6 9. Qb3 Qc8 10. g4 Bg6 11. Ne5 Nxe5 12. Bxe5 a6 13. Nd2 Nd7 14. Bg3 Be7 15. h4 h5 16. g5 Qc6 17. f4 Bf5 18. Rf1 g6 19. Nf3 Qb6 20. Ne5 Qxb3 21. axb3 Bd6 22. Kd2 Ke7 23. Bd3 Bxd3 24. Kxd3 Rac8 25. Rf3 Nb8 26. Be1 Nc6 27. b4 Na7 28. Bd2 Nb5 29. Ke2 Bb8 30. Kd3 Nd6 31. Rff1 Ba7 32. Rfd1 Bb6 33. Ra2 Ra8 34. Rda1 Rhg8 35. Rg1 Ra7 36. Ke2 Rga8 37. Rga1 a5 38. bxa5 Rxa5 39. Rxa5 Rxa5 40. Rxa5 Bxa5 41. Nd3 Bc7 42. Be3 Nf5 43. Bf2 Kd7 44. Ne5+ Bxe5 45. fxe5 Kc6 46. Kd3 b5 47. b3 Ne7 48. b4 1/2-1/2

[Event "Petrolina Cordioli Memorial op"]
[Site "Petrolina"]
[Date "2008.10.12"]
[Round "7.11"]
[White "Monteiro Neto, Cesidio Rocha"]
[Black "Amorim Pires, Anderson Bruno"]
[Result "1-0"]
[WhiteElo "2157"]
[BlackElo "1958"]
[PlyCount "93"]
[EventDate "2008.10.09"]
[EventType "swiss"]
[EventRounds "7"]
[EventCountry "BRA"]
[SourceTitle "EXT 2022"]
[Source "ChessBase"]
[SourceDate "2021.10.06"]
[SourceVersion "1"]
[SourceVersionDate "2021.10.06"]
[SourceQuality "1"]

1. e4 c5 2. Nf3 d6 3. d4 cxd4 4. Nxd4 Nf6 5. Nc3 a6 6. Be3 Nc6 7. f3 Bd7 8. Qd2 e6 9. g4 h6 10. 0-0-0 Qc7 11. h4 Ne5 12. Rg1 g6 13. g5 hxg5 14. hxg5 Nh5 15. f4 Nc4 16. Bxc4 Qxc4 17. f5 e5 18. fxg6 exd4 19. gxf7+ Qxf7 20. Bxd4 Rg8 21. Rdf1 Qg6 22. Nd5 Rc8 23. Qd1 Be6 24. Qxh5 Qxh5 25. Nf6+ Ke7 26. Nxh5 Bxa2 27. g6 Bh6+ 28. Kd1 Rc4 29. c3 Bb3+ 30. Ke1 Rgc8 31. g7 Rxd4 32. cxd4 Be3 33. d5 Bxg1 34. Rxg1 Rc1+ 35. Kf2 Rxg1 36. Kxg1 Kf7 37. Kf2 Bd1 38. Ng3 Bg4 39. Ke3 Kxg7 40. Kf4 Bc8 41. e5 dxe5+ 42. Kxe5 a5 43. Kd6 b5 44. Kc7 Bg4 45. Kb6 Bf3 46. d6 Kf7 47. d7 1-0

[Event "Petrolina Cordioli Memorial op"]
[Site "Petrolina"]
[Date "2008.10.10"]
[Round "3.14"]
[White "De Oliveira Reis, Paulo Fernando"]
[Black "Amorim Pires, Anderson Bruno"]
[Result "1-0"]
[WhiteElo "2332"]
[BlackElo "1958"]
[PlyCount "85"]
[EventDate "2008.10.09"]
[EventType "swiss"]
[EventRounds "7"]
[EventCountry "BRA"]
[SourceTitle "EXT 2022"]
[Source "ChessBase"]
[SourceDate "2021.10.06"]
[SourceVersion "1"]
[SourceVersionDate "2021.10.06"]
[SourceQuality "1"]

1. Nf3 Nc6 2. c4 e5 3. Nc3 Nf6 4. g3 Bc5 5. Bg2 a6 6. 0-0 d6 7. e3 Bg4 8. h3 Be6 9. d4 Bxc4 10. dxc5 Bxf1 11. Qxf1 e4 12. Nd4 d5 13. Nxc6 bxc6 14. Bd2 Nd7 15. b4 Ne5 16. Ne2 0-0 17. Bc3 Nd3 18. Nf4 Nxf4 19. gxf4 Kh8 20. Qe2 f6 21. Rc1 Re8 22. a4 Qd7 23. a5 Qe6 24. Qg4 Qf7 25. Bf1 f5 26. Qh4 Re6 27. Be2 Kg8 28. Kh2 g6 29. Qg5 Kf8 30. Qg1 Qd7 31. Qf1 Qc8 32. Qd1 Ke7 33. Qd4 Qe8 34. Qd1 Kd7 35. Qf1 Qc8 36. Rd1 Ke7 37. Be5 Qb7 38. Rd4 Kd7 39. f3 exf3 40. Qxf3 Kc8 41. e4 dxe4 42. Qb3 Re8 43. Qf7 1-0

[Event "Petrolina Cordioli Memorial op"]
[Site "Petrolina"]
[Date "2008.10.09"]
[Round "1.28"]
[White "Lucas, Leone Moreno"]
[Black "Amorim Pires, Anderson Bruno"]
[Result "0-1"]
[WhiteElo "2148"]
[BlackElo "1958"]
[PlyCount "126"]
[EventDate "2008.10.09"]
[EventType "swiss"]
[EventRounds "7"]
[EventCountry "BRA"]
[SourceTitle "EXT 2022"]
[Source "ChessBase"]
[SourceDate "2021.10.06"]
[SourceVersion "1"]
[SourceVersionDate "2021.10.06"]
[SourceQuality "1"]

1. e4 c5 2. Nf3 d6 3. d4 cxd4 4. Nxd4 Nf6 5. Nc3 a6 6. Be3 e6 7. f3 Nc6 8. Qd2 Be7 9. 0-0-0 Bd7 10. g4 h6 11. Kb1 b5 12. h4 Ne5 13. Bd3 Nxd3 14. Qxd3 g6 15. Qd2 h5 16. g5 Nh7 17. f4 b4 18. Nce2 a5 19. Ng3 e5 20. Nf3 Bg4 21. Qf2 Qc7 22. Rhf1 exf4 23. Bxf4 Rc8 24. Rd2 a4 25. Nd4 Qc4 26. Bxd6 Bxd6 27. e5 Bc5 28. b3 axb3 29. axb3 Bxd4 30. Rxd4 Qc7 31. Rc4 Qe7 32. Ne4 0-0 33. Rxc8 Bxc8 34. Qf4 Be6 35. Nd6 Qa7 36. Rf3 Qa3 37. Nb5 Qa5 38. Nd6 Qa7 39. Kc1 Qg1+ 40. Kd2 Qg4 41. Qxg4 hxg4 42. Rf4 Rb8 43. Ne4 Rb5 44. Ng3 Nf8 45. Ne2 Nd7 46. Nd4 Rd5 47. Ke3 Rxe5+ 48. Kf2 Bf5 49. Nc6 Rc5 50. Nxb4 Bxc2 51. Rxg4 Bxb3 52. Nd3 Rf5+ 53. Kg3 Ne5 54. Nxe5 Rxe5 55. Rd4 Rd5 56. Re4 Bd1 57. Re3 Rd4 58. Ra3 Kg7 59. Rc3 Re4 60. Ra3 Be2 61. Rc3 Bb5 62. Rb3 Bd7 63. Rd3 Be6 0-1